UBT Library

POCKET EMERGENCY NOTEBOOK (Record no. 4982)

000 -LEADER
fixed length control field 00264nam a22001217a 4500
008 - FIXED-LENGTH DATA ELEMENTS--GENERAL INFORMATION
fixed length control field 170208b xxu||||| |||| 00| 0 eng d
041 ## - LANGUAGE CODE
Language code of text/sound track or separate title eng
080 ## - UNIVERSAL DECIMAL CLASSIFICATION NUMBER
Universal Decimal Classification number 61
100 ## - Rafti
Rafti 4
101 ## - Shkurtesa
Shkurtesa SHM
245 ## - TITLE STATEMENT
Title POCKET EMERGENCY NOTEBOOK
Statement of responsibility, etc HAMEDINI, A.G
942 ## - ADDED ENTRY ELEMENTS (KOHA)
Source of classification or shelving scheme
Item type Books
Holdings
Withdrawn status Lost status Source of classification or shelving scheme Damaged status Not for loan Collection code Permanent location Current location Shelving location Date acquired Total Checkouts Full call number Barcode Date last seen Price effective from Koha item type
          Koleksioni i përgjithshem UBT - Lipjan UBT - Lipjan Koleksioni i përgjithshem 02/08/2017   61 HAM 002-038102 02/08/2017 02/08/2017 Books
UBT Library © 2015-2024. All rights reserved University Education for Business and Technology